Enrique III (Record no. 165846)

MARC details
000 -LEADER
campo de control de longitud fija 00789nam a22001815i 4500
001 - NÚMERO DE CONTROL
campo de control 165846
003 - IDENTIFICADOR DE NÚMERO DE CONTROL
campo de control ES-MaACL
005 - FECHA Y HORA DE LA ÚLTIMA TRANSACCIÓN
campo de control 20251122063136.0
008 - DATOS DE LONGITUD FIJA--INFORMACIÓN GENERAL
campo de control de longitud fija 050906s1847 sp | |||||||| ||spa d
040 ## - FUENTE DE CATALOGACIÓN
Centro catalogador/agencia de origen CAM
Lengua de catalogación spa
Centro/agencia transcriptor CAM
100 2# - ENTRADA PRINCIPAL--NOMBRE DE PERSONA
Nombre de persona Suárez Bravo, Ceferino,
Fechas asociadas al nombre 1825-1896
9 (RLIN) 132965
245 10 - MENCIÓN DEL TÍTULO
Título Enrique III
Resto del título : drama original en tres actos y en verso /
Mención de responsabilidad, etc. por Ceferino Suárez Bravo.
260 ## - PUBLICACIÓN, DISTRIBUCIÓN, ETC.
Lugar de publicación, distribución, etc. Madrid :
Nombre del editor, distribuidor, etc. [s.n.],
Fecha de publicación, distribución, etc. 1847 (
Fabricante Imprenta de la Luneta á cargo de P.M. Aguilera)
300 ## - DESCRIPCIÓN FÍSICA
Extensión 72 p. ;
Dimensiones 20 cm.
596 ## - NOTA AL PIE DE IMPRENTA
NOTA AL PIE DE IMPRENTA En verso de port. consta: "Esta comedia es propiedad de la empresa dramática de Talia ... "
852 ## - LOCALIZACIÓN
Ubicación ES-MaACL
Número de control de estantería D-2490(1)
Nota libre -- Enc. hol., falto de la enc. original
-- -- Legado de M. de la Fuente
-- -- Enc. en un vol. facticio
Holdings
Estatus retirado Estado de pérdida Estado de daño No para préstamo Colección Biblioteca de origen Biblioteca actual Ubicación en estantería Fecha de adquisición Fuente de adquisición Total de préstamos Signatura topográfica completa Código de barras Visto por última vez Precio de reemplazo Tipo de ítem Koha
        Libros del s. XIX Biblioteca del Ateneo de Madrid Biblioteca del Ateneo de Madrid Sala Valle Inclán 17/01/2008     D-2490(1) 901173924 23/02/2023 23/02/2023 Libro impreso antiguo